| 000 | 00605nam a2200169Ia 4500 | ||
|---|---|---|---|
| 008 | 090711s9999 xx 000 0 und d | ||
| 082 | _b10392 | ||
| 100 | _aजादुगार रघुवीर | ||
| 245 | _aमी पाहिलेला रशिया | ||
| 260 |
_bज्ञानविलास प्रेस _c1958 |
||
| 300 | _a198 | ||
| 600 | _aजादुगार रघुवीर | ||
| 630 | _aमी पाहिलेला रशिया | ||
| 700 | _aजादुगार रघुवीर | ||
| 730 | _aमी पाहिलेला रशिया | ||
| 942 | _cBOOK | ||
| 999 |
_c291081 _d291081 |
||